000 01777nam a2200265Ia 4500
999 _c55257
_d55257
001 22333
003 GE_BSU
005 20250801123556.0
008 181216s||||||||xx |||||||||||||| ||und||
020 _a9789941459900
040 _cGE_BSU
080 _a821.353.32.34+821.353.321-1
100 _aდადიანი, ეკა
_99743
245 _aმეგრული ტექსტები - I : (ხობი, ქვემო ქვალონი) = The Megrelian texts - I : (Khobi, Kvemo Kvaloni) /
_cეკა დადიანი ; ტექნ. რედაქტორი მალხაზ დოგრაშვილი ; აკაკი წერეთლის სახელმწ. უნ-ტი, ქართველური დიალექტოლოგიის სამეცნ.-კვლევითი მიმართულება.
264 _aქუთაისი :
_bაკაკი წერეთლის სახელმწ. უნ-ტის გამ-ბა,
_c2015.
300 _a610 გვ. :
_bფოტ. ;
_c21 სმ.
_e + 1 CD.
504 _aბიბლიოგრ. : ტექსტის შენიშვნებში
520 _aგარეკანზე : ხობის ყოვლადწმინდა ღვთისმშობლის მიძინების სახელობის დედათა მონასტერი (XIII-XIV სს.).
541 _h8 ლ.
653 _aმეგრული ტექსტები - I
653 _aსამეგრელოს ეთნოგრაფია
653 _aმეგრული წეს-ჩვეულებები
653 _aხობი, ქვემო ქვალონი
942 _cBK
_2udc